CentOS sistem ve sunucu yönetimi (Record no. 17360)

000 -LEADER
fixed length control field 00960nmm a2200301 a 4500
001 - CONTROL NUMBER
control field ocm0001864959
003 - CONTROL NUMBER IDENTIFIER
control field TR-IsHL
005 - DATE AND TIME OF LATEST TRANSACTION
control field 20201028172747.0
008 - FIXED-LENGTH DATA ELEMENTS--GENERAL INFORMATION
fixed length control field 180520s2015 tu tur
007 - PHYSICAL DESCRIPTION FIXED FIELD--GENERAL INFORMATION
fixed length control field cr cn
020 ## - INTERNATIONAL STANDARD BOOK NUMBER
International Standard Book Number 9786055201579
035 ## - SYSTEM CONTROL NUMBER
System control number 1864959
-- (N$T)
050 04 - LIBRARY OF CONGRESS CALL NUMBER
Classification number QA76.76.O63
Item number P23 2015
090 04 - LOCALLY ASSIGNED LC-TYPE CALL NUMBER (OCLC); LOCAL CALL NUMBER (RLIN)
Classification number (OCLC) (R) ; Classification number, CALL (RLIN) (NR) QA76.76.O63
Local cutter number (OCLC) ; Book number/undivided call number, CALL (RLIN) P23 2015
100 1# - MAIN ENTRY--PERSONAL NAME
Personal name Parlak, Deniz
245 10 - TITLE STATEMENT
Title CentOS sistem ve sunucu yönetimi
Medium [electronic resource] /
Statement of responsibility, etc. Deniz Parlak ; Yunus Çiftçi
250 ## - EDITION STATEMENT
Edition statement İkinci basım
260 ## - PUBLICATION, DISTRIBUTION, ETC.
Place of publication, distribution, etc. İstanbul :
Name of publisher, distributor, etc. Kodlab,
Date of publication, distribution, etc. 2015
300 ## - PHYSICAL DESCRIPTION
Extent 521 p.
650 #4 - SUBJECT ADDED ENTRY--TOPICAL TERM
Topical term or geographic name entry element Bilgisayar
650 #4 - SUBJECT ADDED ENTRY--TOPICAL TERM
Topical term or geographic name entry element Computer Sciences
650 #0 - SUBJECT ADDED ENTRY--TOPICAL TERM
Topical term or geographic name entry element Linux
650 #0 - SUBJECT ADDED ENTRY--TOPICAL TERM
Topical term or geographic name entry element İşletim sistemleri (Bilgisayarlar)
650 #0 - SUBJECT ADDED ENTRY--TOPICAL TERM
Topical term or geographic name entry element Operating systems (Computers)
650 #7 - SUBJECT ADDED ENTRY--TOPICAL TERM
Topical term or geographic name entry element COMPUTERS / Operating Systems / Linux
Source of heading or term bisacsh
700 1# - ADDED ENTRY--PERSONAL NAME
Personal name Çiftçi, Yunus
856 40 - ELECTRONIC LOCATION AND ACCESS
Uniform Resource Identifier <a href="http://search.ebscohost.com/login.aspx?direct=true&scope=site&db=e011xww&AN=1864959">http://search.ebscohost.com/login.aspx?direct=true&scope=site&db=e011xww&AN=1864959</a>
Holdings
Withdrawn status Lost status Source of classification or shelving scheme Damaged status Not for loan Collection code Permanent Location Current Location Date acquired Total Checkouts Full call number Barcode Date last seen Price effective from Koha item type
        Online   Kıbrıs Amerikan Üniversitesi Kütüphanesi / American University of Cyprus Kıbrıs Amerikan Üniversitesi Kütüphanesi / American University of Cyprus 28.10.2020   QA76.76.O63 P23 2015 1864959 28.10.2020 28.10.2020 E-Kitap
Devinim Yazılım Eğitim Danışmanlık tarafından Koha'nın orjinal sürümü uyarlanarak geliştirilip kurulmuştur.